UM Logo

Personality trait development at the end of life : (Record no. 14494)

MARC details
000 -LEADER
fixed length control field 00697nam a2200169 4500
008 - FIXED-LENGTH DATA ELEMENTS--GENERAL INFORMATION
fixed length control field 190928b ||||| |||| 00| 0 eng d
022 ## - INTERNATIONAL STANDARD SERIAL NUMBER
International Standard Serial Number 00223514
082 ## - DEWEY DECIMAL CLASSIFICATION NUMBER
Classification number DPer 302.05 J82 July-Sept 2016 v. 111, n. 1-3.
245 ## - TITLE STATEMENT
Title Personality trait development at the end of life :
Remainder of title antecedents and correlates of mean-level trajectories/
Statement of responsibility, etc. Jenny Wagner [and three others].
260 ## - PUBLICATION, DISTRIBUTION, ETC. (IMPRINT)
Place of publication, distribution, etc. Washington DC:
Name of publisher, distributor, etc. American Psychological Association,
Date of publication, distribution, etc. ©2016.
300 ## - PHYSICAL DESCRIPTION
Extent v111 n3, pages 411-429 :
Other physical details illustrations ;
Dimensions 27 cm.
650 ## - SUBJECT ADDED ENTRY--TOPICAL TERM
Topical term or geographic name as entry element Personality.
9 (RLIN) 41055
700 ## - ADDED ENTRY--PERSONAL NAME
9 (RLIN) 40058
Personal name Ram, Nilam.
Relator term Author.
700 ## - ADDED ENTRY--PERSONAL NAME
9 (RLIN) 40059
Personal name Smith, Jacqui.
Relator term Author.
700 ## - ADDED ENTRY--PERSONAL NAME
9 (RLIN) 40060
Personal name Gerstorf, Denis.
Relator term Author.
942 ## - ADDED ENTRY ELEMENTS (KOHA)
Source of classification or shelving scheme Dewey Decimal Classification
Koha item type Periodicals
Holdings
Withdrawn status Lost status Source of classification or shelving scheme Damaged status Not for loan Collection code Home library Current library Date acquired Total Checkouts Full call number Date last seen Price effective from Koha item type Public note
    Dewey Decimal Classification     Periodicals UM Digos College - LIC UM Digos College - LIC 09/28/2019   DPer 302.05 J82 July-Sept 2016 v. 111, n. 1-3. 09/28/2019 09/28/2019 Periodicals Periodical article